| 000 | 00407pab a2200133 454500 | ||
|---|---|---|---|
| 008 | 180718b xxu||||| |||| 00| 0 eng d | ||
| 100 | _aParker, Barbara | ||
| 245 | _aBeyond the vote: responses to centralization among Nepal's Marpha Thakali | ||
| 650 | _a Mardha Thakali Tribes - Nepal | ||
| 650 | _a Centralisation - Nepal | ||
| 650 | _aDecentralisation - Nepal | ||
| 773 | _aHuman Organisation | ||
| 909 | _a2553 | ||
| 999 |
_c2553 _d2553 |
||